| 000 | 00895nam a22002777a 4500 | ||
|---|---|---|---|
| 001 | 7273 | ||
| 003 | FISKH | ||
| 005 | 20250707102344.0 | ||
| 008 | 250707b cb ||||| |||| 00| 0 eng d | ||
| 020 | _a9781848104976 | ||
| 040 |
_aFISKH _beng _cFISKH _dFISKH |
||
| 050 | _aPZ7 | ||
| 082 | _a823.9208 | ||
| 100 | _aGallagher, Belinda | ||
| 245 | _aThe brave Tin soldier and other stories / | ||
| 260 |
_aEssex : _bMiles Kelly, _c2011. |
||
| 300 |
_a40 pages : _bcolor illustrations ; _c28 cm |
||
| 490 | _aTen-minute stories : | ||
| 505 | _aH | ||
| 520 | _aSimply retold and wonderfully illustrated, this series brings together charming tales that children will enjoy. Each story takes approximately 10 minutes to read. | ||
| 521 | 8 |
_a400
_bLexile estimate |
|
| 521 | 8 |
_aH
_bRaz-Plus |
|
| 650 |
_aFairy tales _vFiction _xLegends |
||
| 942 |
_2ddc _cBK _n0 |
||
| 999 |
_c7273 _d7273 |
||